000 00409nam a22001697a 4500
003 MPLRDC
005 20220104144227.0
008 210129b ||||| |||| 00| 0 eng d
082 _a312.9929 KHZ 1991
100 _a高衡绪
245 _a轻松输入法
_c
250 _a初版
260 _a
_b神荣出版社
_c1991
300 _b
650 _a各种电脑输入法
942 _cBK
_o312.9929 KHZ 1991
999 _c47603
_d47593